00674 2200229 4500001002100000005001700021008004100038020002200079035002400101082001100125090002100136100002400157245008300181250001100264260003500275300002700310504003000337650001700367800002800384990001600412990001600428YOGYA-0612000000097420120614205529.0 ind  a978-602-8174-40-4 0010-061200000000972 a297.65 aYog 297.65 Abd M aABDUL MUNIR MULKHAN aMarhaenis MuhammadiyahcAbdul Munir Mulkon, penyuting: Antonius Sigit Suryanto aCet.1. aYogyakartabGalang Pressc2010 a323 hlmc23 cm (2 eks) aBibliografi : hlm.309-322 aMuhammadiyah aAntonius Sigit Suryanto a220-PD/B.12 a221-PD/B.12